[Event "AUT-ch Vor4 Internet"]
[Site "Playchess.com INT"]
[Date "2020.04.25"]
[Round "5"]
[White "Filek, Mattias"]
[Black "Hofer, Maximilian"]
[Result "0-1"]
[WhiteElo "1932"]
[BlackElo "2108"]
[PlyCount "84"]
[EventDate "2020.04.25"]
[EventType "swiss (blitz)"]
[EventRounds "9"]
[EventCountry "AUT"]
[SourceTitle "EXT 2021"]
[Source "ChessBase"]
[SourceDate "2020.10.23"]
[SourceVersion "1"]
[SourceVersionDate "2020.10.23"]
[SourceQuality "1"]

1. d4 Nf6 2. Bg5 g6 3. Bxf6 exf6 4. e3 Bg7 5. Nd2 0-0 6. g3 f5 7. Bg2 c5 8. Ne2 Nc6 9. c3 cxd4 10. cxd4 d5 11. 0-0 Be6 12. Nf4 Rc8 13. Qb3 Na5 14. Qa4 g5 15. Nd3 b6 16. Rac1 Qe7 17. b4 Nc4 18. Nf3 f6 19. Rfd1 Nd6 20. Nd2 Ne4 21. Nxe4 fxe4 22. Nb2 f5 23. b5 f4 24. gxf4 gxf4 25. exf4 Rxc1 26. Rxc1 Rxf4 27. Nd1 Rf8 28. Ne3 Qf7 29. Qc2 Bxd4 30. Qe2 Kh8 31. Kh1 Qxf2 32. Qxf2 Rxf2 33. Nc2 Bc5 34. a3 e3 35. Re1 d4 36. Nb4 Bxb4 37. axb4 d3 38. Be4 d2 39. Rd1 Bb3 40. Rb1 d1Q+ 41. Rxd1 Bxd1 42. Bd3 e2 0-1

[Event "AUT-ch Vor4 Internet"]
[Site "Playchess.com INT"]
[Date "2020.04.25"]
[Round "7"]
[White "Rosol, Alexander"]
[Black "Filek, Mattias"]
[Result "1-0"]
[WhiteElo "1933"]
[BlackElo "1932"]
[PlyCount "47"]
[EventDate "2020.04.25"]
[EventType "swiss (blitz)"]
[EventRounds "9"]
[EventCountry "AUT"]
[SourceTitle "EXT 2021"]
[Source "ChessBase"]
[SourceDate "2020.10.23"]
[SourceVersion "1"]
[SourceVersionDate "2020.10.23"]
[SourceQuality "1"]

1. e4 d6 2. d4 Nf6 3. Nc3 Nbd7 4. Nf3 e5 5. Bc4 Be7 6. 0-0 c6 7. a4 Qc7 8. b3 h6 9. Bb2 0-0 10. Qe2 b6 11. Rad1 Bb7 12. b4 Rfe8 13. Ba2 a5 14. Qc4 d5 15. exd5 e4 16. Nb5 Qc8 17. dxc6 Qxc6 18. Qxf7+ Kh8 19. Ne5 Nxe5 20. dxe5 e3 21. Bd5 Nxd5 22. Nd4 Qc7 23. Ne6 Bf6 24. Nxc7 1-0

[Event "AUT-ch Vor4 Internet"]
[Site "Playchess.com INT"]
[Date "2020.04.25"]
[Round "2"]
[White "Ussar, Reinhard"]
[Black "Filek, Mattias"]
[Result "1/2-1/2"]
[WhiteElo "1676"]
[BlackElo "1932"]
[PlyCount "113"]
[EventDate "2020.04.25"]
[EventType "swiss (blitz)"]
[EventRounds "9"]
[EventCountry "AUT"]
[SourceTitle "EXT 2021"]
[Source "ChessBase"]
[SourceDate "2020.10.23"]
[SourceVersion "1"]
[SourceVersionDate "2020.10.23"]
[SourceQuality "1"]

1. e4 d6 2. d4 Nf6 3. Nc3 Nbd7 4. f4 e5 5. dxe5 dxe5 6. fxe5 Nxe5 7. Qxd8+ Kxd8 8. Bf4 Ng6 9. 0-0-0+ Bd7 10. Bg3 c6 11. Bc4 Bb4 12. h3 Bxc3 13. bxc3 Nxe4 14. Be1 f6 15. Nf3 Kc7 16. Bd3 f5 17. g4 fxg4 18. Bxe4 gxf3 19. Bxf3 Rad8 20. Bg3+ Kc8 21. Bg4 Bxg4 22. hxg4 h6 23. Rhf1 Rxd1+ 24. Kxd1 Rf8 25. Re1 Rf3 26. Bh2 Rh3 27. Bd6 Kd7 28. Bb4 Rg3 29. Re4 Rg1+ 30. Kd2 Rg2+ 31. Kd1 b6 32. Rd4+ Kc7 33. Bd6+ Kb7 34. Bf4 Rxg4 35. Rd7+ Ka6 36. Bb8 Nf8 37. Rxa7+ Kb5 38. a4+ Kc4 39. a5 Rg1+ 40. Ke2 Rg2+ 41. Kf3 Rxc2 42. axb6 Rxc3+ 43. Ke4 Rb3 44. Bc7 Ne6 45. Ra4+ Kb5 46. Ra7 Rb4+ 47. Kf5 Nc5 48. b7 Nxb7 49. Rxb7+ Kc4 50. Rxb4+ Kxb4 51. Be5 g5 52. Kg6 g4 53. Kxh6 c5 54. Kh5 c4 55. Kxg4 Kb3 56. Bf6 c3 57. Bxc3 1/2-1/2

[Event "AUT-ch Vor3 Internet"]
[Site "Playchess.com INT"]
[Date "2020.04.17"]
[Round "3"]
[White "Filek, Mattias"]
[Black "Goelles, Herbert"]
[Result "0-1"]
[WhiteElo "1932"]
[BlackElo "1705"]
[PlyCount "122"]
[EventDate "2020.04.17"]
[EventType "swiss (blitz)"]
[EventRounds "9"]
[EventCountry "AUT"]
[SourceTitle "CBM 195 Extra"]
[Source "ChessBase"]
[SourceDate "2020.05.31"]
[SourceVersion "1"]
[SourceVersionDate "2020.05.31"]
[SourceQuality "1"]

1. e4 d6 2. d4 g6 3. Nc3 Bg7 4. h3 Nf6 5. Nf3 0-0 6. Be3 c6 7. Qd2 Qc7 8. 0-0-0 a5 9. Bh6 Na6 10. Bxg7 Kxg7 11. h4 h6 12. e5 Nd5 13. Nxd5 cxd5 14. h5 g5 15. a3 Rg8 16. Bd3 Be6 17. Rhf1 Kf8 18. Ng1 dxe5 19. dxe5 Qxe5 20. Rde1 Qf6 21. f4 g4 22. f5 Bd7 23. Ne2 Nc5 24. Nc3 Bc6 25. Bb5 Rd8 26. Qf2 d4 27. Bxc6 dxc3 28. Qxc5 cxb2+ 29. Kb1 bxc6 30. Qc4 Rg5 31. Rd1 Rxd1+ 32. Rxd1 Rxf5 33. Qxg4 Rg5 34. Qe4 Kg7 35. Qe2 Qf5 36. Rf1 Qd7 37. Qc4 e6 38. Qc3+ e5 39. Qxb2 Rxh5 40. Rf3 Rg5 41. Qc3 f6 42. Rg3 Qd1+ 43. Kb2 Qd5 44. Rxg5+ hxg5 45. Qh3 Kg6 46. Qc8 Qb5+ 47. Ka2 Qc4+ 48. Kb2 Qd4+ 49. Ka2 Qd5+ 50. Kb2 Qxg2 51. Qg8+ Kf5 52. Qc8+ Kf4 53. Qe6 f5 54. Qc4+ Qe4 55. Qf1+ Kg4 56. Qg1+ Kh5 57. Qh2+ Kg6 58. Qh8 Qd4+ 59. Ka2 Qd5+ 60. Kb2 f4 61. Qg8+ Qxg8 0-1

[Event "AUT-ch Vor3 Internet"]
[Site "Playchess.com INT"]
[Date "2020.04.17"]
[Round "4"]
[White "Filek, Mattias"]
[Black "Ploeckinger, Paul"]
[Result "1-0"]
[WhiteElo "1932"]
[BlackElo "1334"]
[PlyCount "131"]
[EventDate "2020.04.17"]
[EventType "swiss (blitz)"]
[EventRounds "9"]
[EventCountry "AUT"]
[SourceTitle "CBM 195 Extra"]
[Source "ChessBase"]
[SourceDate "2020.05.31"]
[SourceVersion "1"]
[SourceVersionDate "2020.05.31"]
[SourceQuality "1"]

1. e4 c5 2. Nf3 Nc6 3. d4 cxd4 4. Nxd4 g6 5. Nc3 Bg7 6. Be3 Nf6 7. g4 d6 8. f3 e5 9. Nde2 h5 10. gxh5 Nxh5 11. Qd2 f5 12. exf5 gxf5 13. Bg5 Bf6 14. Bxf6 Qxf6 15. 0-0-0 Rh6 16. f4 Nxf4 17. Nxf4 exf4 18. Nd5 Qf7 19. Qxf4 Rg6 20. Re1+ Be6 21. Qxd6 Rd8 22. Nc7+ Qxc7 23. Qxc7 Kf8 24. Bb5 Rg7 25. Qe5 Nxe5 26. Rxe5 Re7 27. Rhe1 Rd5 28. Rxe6 Rxe6 29. Rxe6 Rxb5 30. b3 Kf7 31. Rh6 Ra5 32. a4 Kg7 33. Rh5 Kg6 34. Rh8 f4 35. Kd2 Re5 36. Rf8 Kg5 37. h4+ Kg4 38. Rf7 f3 39. h5 Rxh5 40. Ke3 Re5+ 41. Kf2 Re2+ 42. Kf1 Rxc2 43. Rg7+ Kf4 44. Rf7+ Ke4 45. Re7+ Kd5 46. Rxb7 Rb2 47. b4 Ke4 48. Re7+ Kd3 49. Rd7+ Ke3 50. Re7+ Kd3 51. b5 Rb1+ 52. Kf2 Rb2+ 53. Kxf3 Ra2 54. Rxa7 Kc4 55. b6 Kc5 56. b7 Rb2 57. a5 Kc6 58. a6 Kc7 59. Ra8 Rb6 60. Ke4 Rb5 61. Kd4 Rb6 62. Kc5 Rc6+ 63. Kd5 Rb6 64. Rc8+ Kd7 65. b8Q Rxa6 66. Qb7# 1-0

[Event "AUT-ch Vor3 Internet"]
[Site "Playchess.com INT"]
[Date "2020.04.17"]
[Round "9"]
[White "Kozissnik, Christian"]
[Black "Filek, Mattias"]
[Result "0-1"]
[WhiteElo "2023"]
[BlackElo "1932"]
[PlyCount "130"]
[EventDate "2020.04.17"]
[EventType "swiss (blitz)"]
[EventRounds "9"]
[EventCountry "AUT"]
[SourceTitle "CBM 195 Extra"]
[Source "ChessBase"]
[SourceDate "2020.05.31"]
[SourceVersion "1"]
[SourceVersionDate "2020.05.31"]
[SourceQuality "1"]

1. d4 d5 2. Nf3 Nf6 3. g3 c6 4. Bg2 Bg4 5. h3 Bh5 6. 0-0 e6 7. b3 Nbd7 8. Bb2 Bd6 9. c4 0-0 10. Nc3 a5 11. Qc2 Qc7 12. Rac1 Rac8 13. Qd3 Rfd8 14. cxd5 exd5 15. Nb5 Qb8 16. Nxd6 Qxd6 17. Ne5 Re8 18. f4 Ne4 19. g4 f6 20. Nxd7 Qxd7 21. gxh5 Qf5 22. Qf3 Nd2 23. Qg4 Qxg4 24. hxg4 Nxf1 25. Kxf1 Re3 26. Kf2 Rce8 27. Bf3 R3e7 28. Ba3 Rd7 29. Bc5 a4 30. b4 Rb8 31. Bb6 Ra8 32. a3 Ra6 33. Bc5 b6 34. Be7 Rxe7 35. Rxc6 Rd7 36. b5 Ra8 37. Rxb6 Kf7 38. Ke3 Rc8 39. Kd2 Rc4 40. e3 g6 41. hxg6+ hxg6 42. Ra6 Kg7 43. b6 Rc6 44. Ra7 Rxa7 45. bxa7 Ra6 46. Bxd5 Rxa7 47. Kc3 Kf8 48. Kb4 Ke7 49. Bc6 Kd6 50. Bxa4 Kd5 51. Bc2 g5 52. fxg5 fxg5 53. a4 Re7 54. e4+ Kxd4 55. a5 Rb7+ 56. Ka4 Kc4 57. a6 Rb2 58. Bb3+ Rxb3 59. a7 Rb1 60. Ka5 Kc5 61. Ka6 Ra1+ 62. Kb7 Kd4 63. a8Q Rxa8 64. Kxa8 Kxe4 65. Kb7 Kf4 0-1

[Event "AUT-ch Vor2 Internet"]
[Site "Playchess.com INT"]
[Date "2020.04.13"]
[Round "2"]
[White "Filek, Mattias"]
[Black "Guba, Viktor"]
[Result "1-0"]
[WhiteElo "1932"]
[BlackElo "1401"]
[PlyCount "47"]
[EventDate "2020.04.13"]
[EventType "swiss (blitz)"]
[EventRounds "9"]
[EventCountry "AUT"]
[SourceTitle "CBM 195 Extra"]
[Source "ChessBase"]
[SourceDate "2020.05.31"]
[SourceVersion "1"]
[SourceVersionDate "2020.05.31"]
[SourceQuality "1"]

1. e4 c5 2. Nf3 Nc6 3. d4 cxd4 4. Nxd4 e6 5. Nc3 Qc7 6. Be3 a6 7. Qf3 Ba3 8. 0-0-0 Be7 9. Kb1 Ne5 10. Qg3 Bf6 11. f4 Ng6 12. h4 h5 13. e5 Be7 14. Bd3 Bxh4 15. Rxh4 Nxh4 16. Qxg7 Nxg2 17. Qxg2 Ne7 18. Qg7 Rg8 19. Qf6 Ng6 20. Bxg6 fxg6 21. f5 exf5 22. Bg5 d6 23. exd6 Qd7 24. Re1+ 1-0

[Event "AUT-ch Vor2 Internet"]
[Site "Playchess.com INT"]
[Date "2020.04.13"]
[Round "6"]
[White "Filek, Mattias"]
[Black "Miazhynski, Alexander"]
[Result "1-0"]
[WhiteElo "1932"]
[BlackElo "1535"]
[PlyCount "71"]
[EventDate "2020.04.13"]
[EventType "swiss (blitz)"]
[EventRounds "9"]
[EventCountry "AUT"]
[SourceTitle "CBM 195 Extra"]
[Source "ChessBase"]
[SourceDate "2020.05.31"]
[SourceVersion "1"]
[SourceVersionDate "2020.05.31"]
[SourceQuality "1"]

1. e4 c5 2. Nf3 e5 3. Bc4 d6 4. 0-0 Nf6 5. d3 Be7 6. Nc3 0-0 7. h3 a6 8. a4 Nc6 9. Be3 Be6 10. Nd5 Nd4 11. Nxd4 cxd4 12. Bd2 Nxd5 13. exd5 Bf5 14. f4 Rc8 15. fxe5 dxe5 16. Rxf5 e4 17. Qg4 e3 18. Be1 g6 19. Rf3 h5 20. Qxd4 Bc5 21. Qf4 Bd6 22. Qh6 Qe7 23. Bc3 Be5 24. d6 Qxd6 25. Bxe5 Qxe5 26. Qxg6+ Qg7 27. Qxg7+ Kxg7 28. Rxe3 f5 29. Re7+ Kf6 30. Rxb7 f4 31. Rf1 f3 32. Rxf3+ Kg5 33. Rg7+ Kh6 34. Rxf8 Rxf8 35. Rf7 Re8 36. Kf2 1-0

[Event "AUT-ch Vor1 Internet"]
[Site "Playchess.com INT"]
[Date "2020.04.11"]
[Round "4"]
[White "Messner, Andreas"]
[Black "Filek, Mattias"]
[Result "0-1"]
[WhiteElo "1856"]
[BlackElo "1932"]
[PlyCount "56"]
[EventDate "2020.04.11"]
[EventType "swiss (blitz)"]
[EventRounds "9"]
[EventCountry "AUT"]
[SourceTitle "CBM 195 Extra"]
[Source "ChessBase"]
[SourceDate "2020.05.31"]
[SourceVersion "1"]
[SourceVersionDate "2020.05.31"]
[SourceQuality "1"]

1. Nf3 d5 2. c4 e6 3. e3 Nf6 4. d4 Bd6 5. Nc3 b6 6. Bd3 Bb7 7. 0-0 0-0 8. Re1 Ne4 9. h3 a6 10. Qc2 f5 11. a3 Nd7 12. b4 Rf6 13. c5 bxc5 14. dxc5 Be5 15. Nxe5 Nxe5 16. Bb2 Rg6 17. Bxe4 fxe4 18. Kh1 Qg5 19. Rg1 Rf8 20. Raf1 Qh4 21. Nxe4 Nf3 22. Ng3 Nxg1 23. Rxg1 d4 24. Kh2 dxe3 25. Rf1 exf2 26. Rxf2 Qxg3+ 27. Kg1 Rxf2 28. Qxf2 Qxg2+ 0-1

[Event "AUT-ch Vor1 Internet"]
[Site "Playchess.com INT"]
[Date "2020.04.11"]
[Round "2"]
[White "Wiedermann, Daniel"]
[Black "Filek, Mattias"]
[Result "1-0"]
[WhiteElo "2048"]
[BlackElo "1932"]
[PlyCount "131"]
[EventDate "2020.04.11"]
[EventType "swiss (blitz)"]
[EventRounds "9"]
[EventCountry "AUT"]
[SourceTitle "CBM 195 Extra"]
[Source "ChessBase"]
[SourceDate "2020.05.31"]
[SourceVersion "1"]
[SourceVersionDate "2020.05.31"]
[SourceQuality "1"]

1. d4 Nf6 2. c4 e6 3. Nc3 d5 4. cxd5 exd5 5. Bg5 Be7 6. Qc2 0-0 7. e3 c5 8. dxc5 Be6 9. Rd1 Qa5 10. Bd3 h6 11. Bh4 Qxc5 12. Nge2 Nc6 13. Bxf6 Bxf6 14. Nxd5 Qxc2 15. Nxf6+ gxf6 16. Bxc2 Nb4 17. Be4 Bxa2 18. 0-0 Nc6 19. Rd7 Rab8 20. Ra1 Rfd8 21. Rxd8+ Rxd8 22. g3 Bc4 23. Nf4 a6 24. Rc1 Bb5 25. Kg2 Rd2 26. b3 Kg7 27. Nh5+ Kf8 28. Nxf6 Ne5 29. Rc8+ Ke7 30. Nd5+ Ke6 31. Nc7+ Kd7 32. Nxb5 Kxc8 33. Nd4 Nd3 34. Bxd3 Rxd3 35. Kf3 Kd7 36. h4 Kd6 37. Ke4 Rd1 38. Nf5+ Kc5 39. Nxh6 Kb4 40. Nxf7 Kxb3 41. h5 a5 42. h6 Rh1 43. g4 a4 44. g5 a3 45. g6 a2 46. g7 Rg1 47. h7 a1Q 48. g8Q Qb1+ 49. Kf4 Qe1 50. Ne5+ Ka3 51. h8Q Qxf2+ 52. Nf3 Rxg8 53. Qxg8 Qb2 54. Qc4 Qf6+ 55. Ke4 Qg6+ 56. Kd4 Qf6+ 57. Ne5 Qh4+ 58. Kc3 Qe1+ 59. Kd4 Qh4+ 60. e4 Qf2+ 61. Kd5 Qd2+ 62. Qd4 Qa5+ 63. Qc5+ Qxc5+ 64. Kxc5 Kb3 65. Nc4 Kc3 66. e5 1-0

[Event "AUT-ch U18"]
[Site "Sankt Veit an der Glan"]
[Date "2019.04.18"]
[Round "7"]
[White "Filek, Mattias"]
[Black "Wischounig, Laurin"]
[Result "1/2-1/2"]
[WhiteElo "1978"]
[BlackElo "1989"]
[PlyCount "89"]
[EventDate "2019.04.14"]
[EventType "swiss"]
[EventRounds "7"]
[EventCountry "AUT"]
[SourceTitle "CBM 190 Extra"]
[Source "ChessBase"]
[SourceDate "2019.07.15"]
[SourceVersion "1"]
[SourceVersionDate "2019.07.15"]
[SourceQuality "1"]

1. e4 c6 2. c4 d5 3. exd5 cxd5 4. cxd5 Nf6 5. Bb5+ Bd7 6. Bc4 Bf5 7. Nc3 Nbd7 8. d4 Nb6 9. Bb3 Nfxd5 10. Nxd5 Nxd5 11. Qf3 e6 12. Ba4+ Ke7 13. Bd2 Rc8 14. Ne2 f6 15. 0-0 Bc2 16. Bxc2 Rxc2 17. Bc3 Nxc3 18. Nxc3 Rxb2 19. d5 e5 20. Rfd1 Rb6 21. Rac1 Kf7 22. Ne4 h6 23. Qh3 Bb4 24. Rc4 Re8 25. Rdc1 Qxd5 26. Qh5+ Kf8 27. Rc8 Qf7 28. Qf5 Rbe6 29. R8c7 R6e7 30. R7c4 a5 31. h4 Rd7 32. Kh2 g6 33. Qxf6 Red8 34. Qh8+ Ke7 35. Qxe5+ Qe6 36. Qg7+ Qf7 37. Qxh6 Rd5 38. Rc7+ R8d7 39. Qe3 Qe6 40. Rxd7+ Kxd7 41. Qh3 Bd6+ 42. Nxd6 Qxh3+ 43. Kxh3 Kxd6 44. Rb1 Kc6 45. Rb2 1/2-1/2

[Event "AUT-ch U18"]
[Site "Sankt Veit an der Glan"]
[Date "2019.04.17"]
[Round "6"]
[White "Filek, Mattias"]
[Black "Wagner, Leopold Franziskus"]
[Result "1-0"]
[WhiteElo "1978"]
[BlackElo "2017"]
[PlyCount "97"]
[EventDate "2019.04.14"]
[EventType "swiss"]
[EventRounds "7"]
[EventCountry "AUT"]
[SourceTitle "CBM 190 Extra"]
[Source "ChessBase"]
[SourceDate "2019.07.15"]
[SourceVersion "1"]
[SourceVersionDate "2019.07.15"]
[SourceQuality "1"]

1. e4 c6 2. d4 d5 3. e5 Bf5 4. h4 h5 5. Bd3 Bxd3 6. Qxd3 e6 7. Bg5 Qc7 8. Nf3 Nd7 9. Nbd2 c5 10. c3 Ne7 11. 0-0 Nc6 12. Rfe1 c4 13. Qc2 Be7 14. Nf1 0-0-0 15. b3 Nb6 16. N1d2 Bxg5 17. Nxg5 cxb3 18. Nxb3 Nc4 19. a4 b6 20. Ra2 N4a5 21. Nd2 Kb7 22. Rb2 Rc8 23. Qd3 Nd8 24. Rc1 Nc4 25. Rb5 f6 26. exf6 gxf6 27. Ngf3 Rg8 28. Nxc4 dxc4 29. Qe4+ Kb8 30. a5 Rg4 31. Qe3 Qd6 32. Rcb1 Rc6 33. Rxh5 Rg7 34. Rhb5 Rb7 35. Qh6 bxa5 36. Qxf6 Rcb6 37. Rxb6 axb6 38. Ne5 b5 39. h5 Ka7 40. Qxd8 Qxd8 41. Nc6+ Kb6 42. Nxd8 Re7 43. h6 b4 44. cxb4 a4 45. g4 Kb5 46. g5 c3 47. g6 a3 48. g7 a2 49. Ra1 1-0

[Event "AUT-ch U18"]
[Site "Sankt Veit an der Glan"]
[Date "2019.04.16"]
[Round "5"]
[White "Kreutzmann, Duke"]
[Black "Filek, Mattias"]
[Result "0-1"]
[WhiteElo "1983"]
[BlackElo "1978"]
[PlyCount "108"]
[EventDate "2019.04.14"]
[EventType "swiss"]
[EventRounds "7"]
[EventCountry "AUT"]
[SourceTitle "CBM 190 Extra"]
[Source "ChessBase"]
[SourceDate "2019.07.15"]
[SourceVersion "1"]
[SourceVersionDate "2019.07.15"]
[SourceQuality "1"]

1. Nf3 d5 2. d4 Nf6 3. c4 e6 4. cxd5 exd5 5. Nc3 c6 6. Qc2 Be7 7. Bg5 Nbd7 8. e3 h6 9. Bf4 0-0 10. Bd3 Re8 11. 0-0 Nf8 12. h3 Bd6 13. Bxd6 Qxd6 14. Rab1 Ne4 15. Nxe4 dxe4 16. Bxe4 Ne6 17. Rfd1 Nc7 18. Ne5 Be6 19. b3 Nd5 20. Rbc1 Qd8 21. Bh7+ Kh8 22. Bf5 Qf6 23. Bxe6 Qxe6 24. Nd3 Rad8 25. Nc5 Qe7 26. Qf5 Rd6 27. e4 Rf6 28. Qd7 Nf4 29. Qg4 Nxg2 30. d5 Rg6 31. d6 Qe5 32. d7 Rxg4 33. hxg4 Nf4 34. dxe8Q+ Qxe8 35. Rd2 b6 36. Nd3 Qxe4 37. Nxf4 Qxf4 38. Rd8+ Kh7 39. Rc4 Qf6 40. Rd2 Qg5 41. Re2 b5 42. Rd4 c5 43. Rde4 f5 44. Re7 Qxg4+ 45. Kf1 Qh3+ 46. Ke1 a5 47. Ra7 c4 48. bxc4 bxc4 49. Ree7 Qh1+ 50. Ke2 Qg2 51. Rac7 Qg4+ 52. Kf1 h5 53. Re3 h4 54. Rc3 h3 0-1